00888nam a2200193 a 450000100100000000500170001000800410002704000250006810000400009324501310013326000620026430000390032649000570036570000380042271000480046083000640050895201050057299900170067700004220220201002040013.0131119s1960 sp g 000 0 spa d aDO-SdBNPbspacBNPHU1 aManalt, Franciscod1720-175996922010aSonatas III-IV para violín y piano [Música impresa] /cFrancisco Manalt ; transcripción por el P. José A. de Donostia. aBarcelona :bInstituto Español de Musicología,c1960. a32 p. :bil., partituras ;c32 cm.1 aMúsica hispana 9aSerie C, Música de cámarav91 aDonostia , P. José A. de9692212 aInstituto Español de Musicología969215 0aMúsica hispana 9pSerie C, Música de cámarac9969222 001050718MOaGRbGRcCTd2013-11-19iLF1l0o p42202-10r2020-06-25w2020-06-25y1ZNo se presta c41691d41691